Tình trạng răng của trẻ em lớp mẫu giáo

Uloženo v:
Podrobná bibliografie
Hlavní autor: Lương Minh Thiện
Médium: Kniha
Jazyk:Undetermined
Vydáno: Cần Thơ Viện Đại Học Cần Thơ - Đại Học Khoa Học 1973
Témata:
Tagy: Přidat tag
Žádné tagy, Buďte první, kdo otaguje tento záznam!
Thư viện lưu trữ: Trung tâm Học liệu Trường Đại học Cần Thơ
LEADER 00624nam a2200181Ia 4500
001 CTU_33688
008 210402s9999 xx 000 0 und d
082 |a 613.7042 
082 |b Th305 
100 |a Lương Minh Thiện 
245 0 |a Tình trạng răng của trẻ em lớp mẫu giáo 
245 0 |c Lương Minh Thiện 
260 |a Cần Thơ 
260 |b Viện Đại Học Cần Thơ - Đại Học Khoa Học 
260 |c 1973 
650 |a children - health and hygiene,physical fitness,public health 
904 |i Minh, 991105 
980 |a Trung tâm Học liệu Trường Đại học Cần Thơ